<?xml version="1.0" encoding="UTF-8"?>
<record
    xmlns:xsi="http://www.w3.org/2001/XMLSchema-instance"
    xsi:schemaLocation="http://www.loc.gov/MARC21/slim http://www.loc.gov/standards/marcxml/schema/MARC21slim.xsd"
    xmlns="http://www.loc.gov/MARC21/slim">

  <leader>04088cam a2200625 i 4500</leader>
  <datafield tag="999" ind1=" " ind2=" ">
    <subfield code="c">135749</subfield>
    <subfield code="d">135749</subfield>
  </datafield>
  <controlfield tag="005">20170801101834.0</controlfield>
  <controlfield tag="008">160615s2015    mx       b    000 0 spa d</controlfield>
  <datafield tag="020" ind1=" " ind2=" ">
    <subfield code="a">9786075240091 (MAP)</subfield>
  </datafield>
  <datafield tag="020" ind1=" " ind2=" ">
    <subfield code="a">9786079061357 (UABJO)</subfield>
  </datafield>
  <datafield tag="050" ind1="0" ind2="4">
    <subfield code="a">JL1281</subfield>
    <subfield code="b">P37 2015</subfield>
  </datafield>
  <datafield tag="245" ind1="0" ind2="0">
    <subfield code="a">Participaci&#xF3;n y rupturas de la pol&#xED;tica en M&#xE9;xico</subfield>
    <subfield code="b"> : subjetividad, luchas y horizontes de esperanza</subfield>
    <subfield code="c"> / Eduardo Bautista Mart&#xED;nez, Manuel Garza Zepeda, Fernando Matamoros Ponce, coordinadores ; John Holloway, pr&#xF3;logo.</subfield>
  </datafield>
  <datafield tag="250" ind1=" " ind2=" ">
    <subfield code="a">1a ed.</subfield>
  </datafield>
  <datafield tag="260" ind1=" " ind2=" ">
    <subfield code="a">M&#xE9;xico : </subfield>
    <subfield code="b">Universidad Autonoma "Benito Juarez" de Oaxaca. Instituto de Investigaciones Sociol&#xF3;gicas : </subfield>
    <subfield code="b">Benem&#xE9;rita Universidad Aut&#xF3;noma de Puebla. Instituto de Ciencias Sociales y Humanidades "Alfonso V&#xE9;lez Pliego" : </subfield>
    <subfield code="b">Miguel &#xC1;ngel Porr&#xFA;a, </subfield>
    <subfield code="c">2015.</subfield>
  </datafield>
  <datafield tag="300" ind1=" " ind2=" ">
    <subfield code="a">217 p. ; </subfield>
    <subfield code="c">23 cm.</subfield>
  </datafield>
  <datafield tag="490" ind1="0" ind2=" ">
    <subfield code="a">Serie Las ciencias sociales. Tercera d&#xE9;cada</subfield>
  </datafield>
  <datafield tag="504" ind1=" " ind2=" ">
    <subfield code="a">Incluye bibliograf&#xED;a </subfield>
  </datafield>
  <datafield tag="505" ind1="0" ind2=" ">
    <subfield code="a">Pr&#xF3;logo / John Holloway -- Introducci&#xF3;n : subjetividad discontinuidad y luchas, constelaciones de esperanzas... / Eduardo Bautista Mart&#xED;nez, Manuel Garza Zepeda, Fernando Matamoros Ponce -- Totalizaci&#xF3;n, comunidad y capital : nota te&#xF3;rica sobre las luchas actuales / Sergio Tischler -- A m&#xE1;s de 50 a&#xF1;os de La formaci&#xF3;n de la clase ... : E.P. Thompson y la revoluci&#xF3;n / Francisco Javier G&#xF3;mez Carpinteiro -- Desposesi&#xF3;n y conflictividad en Am&#xE9;rica Latina : megaproyectos y resistencias locales / Eduardo Bautista Mart&#xED;nez -- La insurrecci&#xF3;n oaxaque&#xF1;a de 2006 : luchas por la recuperaci&#xF3;n de la sujetidad pol&#xED;tica / Manuel Garza Zepeda -- La secci&#xF3;n 22 del SNTE : una aproximaci&#xF3;n a su l&#xF3;gica y a su organizaci&#xF3;n interna / Luis Arturo Tapia G. -- Formas de resistencia desde la diferencia colonial : el caso de los &#xF1;uu savi / Heriberto Ruiz Ponce -- Disputas por el municipio en M&#xE9;xico : autonom&#xED;a, descentralizaci&#xF3;n y formaci&#xF3;n de estado en Tabasco y Tlaxcala / Ever S&#xE1;nchez Osorio -- Ej&#xE9;rcito Zapatista de Liberaci&#xF3;n Nacional : experiencia autogestionaria de singularidades en la pluridad de resistencias / Fernando Matamoros Ponce.</subfield>
  </datafield>
  <datafield tag="650" ind1=" " ind2="7">
    <subfield code="a">Participaci&#xF3;n pol&#xED;tica</subfield>
    <subfield code="z">M&#xE9;xico</subfield>
    <subfield code="2">lemb</subfield>
  </datafield>
  <datafield tag="650" ind1=" " ind2="7">
    <subfield code="a">Movimientos sociales</subfield>
    <subfield code="z">M&#xE9;xico.</subfield>
    <subfield code="2">lemb</subfield>
  </datafield>
  <datafield tag="650" ind1=" " ind2="7">
    <subfield code="a">Derechos humanos </subfield>
    <subfield code="z">M&#xE9;xico</subfield>
    <subfield code="2">lemb</subfield>
  </datafield>
  <datafield tag="651" ind1=" " ind2="7">
    <subfield code="a">M&#xE9;xico</subfield>
    <subfield code="x">Pol&#xED;tica y gobierno </subfield>
    <subfield code="y">2000-</subfield>
    <subfield code="2">lemb</subfield>
  </datafield>
  <datafield tag="700" ind1="1" ind2=" ">
    <subfield code="a">Bautista Mart&#xED;nez, Eduardo,</subfield>
    <subfield code="e">editor.</subfield>
  </datafield>
  <datafield tag="700" ind1="1" ind2=" ">
    <subfield code="a">Garza Zepeda, Manuel,</subfield>
    <subfield code="e">editor.</subfield>
  </datafield>
  <datafield tag="700" ind1="1" ind2=" ">
    <subfield code="a">Matamoros Ponce, Fernando,</subfield>
    <subfield code="e">editor.</subfield>
  </datafield>
  <datafield tag="942" ind1=" " ind2=" ">
    <subfield code="2">lcc</subfield>
    <subfield code="c">LIB</subfield>
  </datafield>
  <datafield tag="952" ind1=" " ind2=" ">
    <subfield code="1">0</subfield>
    <subfield code="2">lcc</subfield>
    <subfield code="4">0</subfield>
    <subfield code="7">0</subfield>
    <subfield code="a">UCIH</subfield>
    <subfield code="b">UCIH</subfield>
    <subfield code="c">CMAP</subfield>
    <subfield code="d">2017-08-01</subfield>
    <subfield code="e">DON</subfield>
    <subfield code="f">1a ed.</subfield>
    <subfield code="o">JL1281 P37 2015</subfield>
    <subfield code="p">BCU000018949</subfield>
    <subfield code="r">2017-08-01 00:00:00</subfield>
    <subfield code="t">1</subfield>
    <subfield code="y">LIB</subfield>
  </datafield>
</record>
